Statistics for More Fictional Cities and Towns -- from Books

Click here to take the quiz!

General Stats

  • This quiz has been taken 30 times
  • The average score is 4 of 17

Answer Stats

PlaceWork of Fiction% Correct
NeverlandPeter Pan
90%
Loompa LandCharlie and the Chocolate Factory
80%
Hundred Acre WoodWinnie the Pooh
80%
PanemThe Hunger Games
57%
RiverdaleArchie Comics
37%
DictionopolisThe Phantom Tollbooth
13%
New Mouse CityGeronimo Stilton
10%
River HeightsNancy Drew
7%
Elwood CityArthur
3%
Puddleby-on-the-MarshDoctor Dolittle
3%
Frog CreekMagic Tree House
3%
New SwitzerlandSwiss Family Robinson
3%
Rover AvenueEncyclopedia Brown
0%
Pancake CourtIvy & Bean
0%
OparTarzan
0%
Barmet BayThe Hardy Boys
0%
FantasticaThe Neverending Story
0%

Score Distribution

Percentile by Number Answered

Percent of People with Each Score

Your Score History

You have not taken this quiz